| 000 | 00553nam a22001932 4500 | ||
|---|---|---|---|
| 001 | 0000005126 | ||
| 005 | 20170406120358.0 | ||
| 008 | 141203s xx 000 0 eng d | ||
| 020 | _c$ | ||
| 040 |
_aYour Holding Symbol _cYour Holding Symbol |
||
| 100 | 1 | _aDavison,J.S. | |
| 245 | 1 | 0 | _aGastrointestinal and hepatic secretions mechanism and control. |
| 250 | _a ed. | ||
| 260 |
_alondon : _buniversity of calgary, _c1987. |
||
| 300 |
_a268 p. : _bill ; _c cm. |
||
| 504 | _aindex. | ||
| 650 | 0 | _agastrointestinal. | |
| 908 | _a141203 | ||
| 999 |
_c4930 _d4930 |
||